Brum deal (Record no. 65389)

MARC details
000 -LEADER
fixed length control field 01324cam a2200253 4500
001 - CONTROL NUMBER
control field ABS63121
008 - FIXED-LENGTH DATA ELEMENTS--GENERAL INFORMATION
fixed length control field 000000n2000 000 0 eng u
035 ## - SYSTEM CONTROL NUMBER
System control number (Sirsi) u109526
100 ## - MAIN ENTRY--PERSONAL NAME
Personal name Klein, R
245 ## - TITLE STATEMENT
Title Brum deal
260 ## - PUBLICATION, DISTRIBUTION, ETC.
Date of publication, distribution, etc. 2000
490 ## - SERIES STATEMENT
Series statement Building
Volume/sequential designation 265(8162) 17 November 2000, 62-63(2)
520 ## - SUMMARY, ETC.
Summary, etc. Argues that Birmingham City Council's 'standard form of warranty' for specialist contractors is stacked against specialists and fails to uphold the best value principle. Under clause 2 of the warranty, specialists can be recalled to site for 12 years where 'relevant defects' have occurred, with three parties empowered to identify the defect. Moreover, the employer has an additional 12 years to commence proceedings, which means the specialist is liable for 24 years. Finally, if the dispute goes to arbitration and the specialist wins, the warranty cuts the award to half the sum claimed. Advises that specialists working under this kind of document, should negotiate a rewrite or refer the warranty to adjudication.
590 ## - LOCAL NOTE (RLIN)
Local note ABS
650 ## - SUBJECT ADDED ENTRY--TOPICAL TERM
Topical term or geographic name entry element BEST VALUE
650 ## - SUBJECT ADDED ENTRY--TOPICAL TERM
Topical term or geographic name entry element DEFECTS
650 ## - SUBJECT ADDED ENTRY--TOPICAL TERM
Topical term or geographic name entry element STANDARD FORMS
650 ## - SUBJECT ADDED ENTRY--TOPICAL TERM
Topical term or geographic name entry element SPECIALIST CONTRACTORS
650 ## - SUBJECT ADDED ENTRY--TOPICAL TERM
Topical term or geographic name entry element LIABILITY
650 ## - SUBJECT ADDED ENTRY--TOPICAL TERM
Topical term or geographic name entry element WARRANTIES
650 ## - SUBJECT ADDED ENTRY--TOPICAL TERM
Topical term or geographic name entry element BIRMINGHAM CITY COUNCIL
690 ## - LOCAL SUBJECT ADDED ENTRY--TOPICAL TERM (OCLC, RLIN)
Topical term or geographic name as entry element Procurement
9 (RLIN) 6260
942 ## - ADDED ENTRY ELEMENTS (KOHA)
Suppress in OPAC 0
Holdings
Withdrawn status Lost status Source of classification or shelving scheme Damaged status Not for loan Home library Current library Shelving location Date acquired Total Checkouts Full call number Barcode Date last seen Copy number Price effective from Koha item type
    Dewey Decimal Classification     London London Journal article 28/11/2000   ABS63121 109526-1001 06/08/2019 1 06/08/2019 Journal article